| 000 | 003380000a22001450004500 | ||
|---|---|---|---|
| 003 | MACL | ||
| 040 | _aMACL | ||
| 090 |
_c43333 _d43331 |
||
| 100 | _aSinari, Ramakant | ||
| 245 | _aThe Paradox of Being Human | ||
| 260 |
_bIndian Council Of Philosophical Research _c2007 |
||
| 350 | _a350 | ||
| 650 | _aPhilosophy | ||
| 942 |
_cBOOK _k100/SIN |
||
| 999 |
_c42878 _d42878 |
||